| 000 | 01015nam a22003137a 4500 | ||
|---|---|---|---|
| 003 | CHAP | ||
| 005 | 20220329141459.0 | ||
| 008 | 971013s1974 r 00010 d | ||
| 010 | _a68821 | ||
| 011 | _a69793 | ||
| 035 | _a79271 | ||
| 040 | _cCHAP | ||
| 082 |
_a631.46 _bS93 |
||
| 100 | 0 | 0 |
_aSzabú, I. M. _9111168 |
| 245 |
_aMicrobial communities in a forest-rendzina ecosystem _b: the pattern of microbial communities |
||
| 260 |
_aBudapest : _bAkademia; Kiadó, _c1974 |
||
| 300 |
_a415 p. _b: ilus. |
||
| 500 | _a31-219 | ||
| 590 |
_aBATCH-UPD _b10 _c20130110 _lUCH01 _h0517 |
||
| 590 |
_aBATCH-UPD _b10 _c20130410 _lUCH01 _h0156 |
||
| 590 |
_aBATCH-UPD _b10 _c20130914 _lUCH01 _h1252 |
||
| 590 |
_aCONVERSION _b10 _c20130109 _lUCH01 _h1338 |
||
| 650 | 1 | 4 |
_aEcología forestal. _935176 |
| 650 | 1 | 4 |
_aMicroorganismos _xEcología. _975522 |
| 650 | 1 | 4 |
_aSuelos _xMicrobiología. _9110434 |
| 901 | _aBK | ||
| 942 | _cLIBRO | ||
| 949 |
_a631.46 S93 _bBC _cLIBRO _d33724000077285 _eLIBRO _gI.144461 _h75175 _i79271 _si _t119.85 |
||
| 999 |
_c68821 _d68821 |
||